Migliori personaggi Pixar - Statistics

Statistiche generali
  • Questo quiz è stato fatto 42 volte
  • Il punteggio medio è 8 su 30
Statistiche sulle risposte
Hint Risposta % Corretto
6 Buzz Lightyear
76%
23 Saetta McQueen
76%
14 Nemo
74%
8 Dory
71%
3 Sceriffo Woody
71%
13 Cricchetto
58%
4 Wall-E
53%
1 Mike Wazowski
50%
2 James Sullivan
34%
17 Boo
29%
26 Mr Incredibile
26%
10 Remy
26%
29 Rabbia
24%
20 Mr Potato
21%
7 Carl Fredricksen
16%
19 Elastigirl
16%
30 Violetta Parr
16%
27 Jack Jack Parr
13%
9 Rex
13%
28 Russell
13%
18 Bullseye
8%
11 Edna Mode
8%
16 Slinky
8%
24 Alieni di Pizza Planet
5%
25 Bing Bong
5%
5 Scorza
5%
12 Dug
3%
21 Hamm
3%
15 Lucius Best
3%
22 Luxo Jr
3%
Nessun quiz corrispondente trovato
Distribuzione punteggi
Percentuale di utenti per punteggio
Percentile per numero di risposta
I tuoi punteggi nel tempo
Non hai fatto questo quiz